[Event "CAN-ch U14 w Online"]
[Site "chess.com"]
[Date "2020.11.08"]
[Round "2.66"]
[White "Guo, Veronica (Yu Han)"]
[Black "D'Souza, Carina"]
[Result "1-0"]
[WhiteElo "1692"]
[BlackElo "1852"]
[PlyCount "87"]
[EventDate "2020.11.08"]
[EventType "swiss (rapid)"]
[EventRounds "6"]
[EventCountry "CAN"]

1. d4 d5 2. Bf4 e6 3. e3 c5 4. c3 Qb6 5. Qb3 Nc6 6. Nd2 Nf6 7. Ngf3 c4 8. Qxb6
axb6 9. Be2 b5 10. h3 b4 11. O-O bxc3 12. bxc3 Ba3 13. Rfb1 O-O 14. Ne5 Nxe5
15. Bxe5 Nd7 16. Bc7 Ra6 17. Rb5 Nf6 18. f3 Ne8 19. Bg3 Nd6 20. Bxd6 Rxd6 21.
Nb1 Ra6 22. e4 Bd7 23. Nxa3 Rxa3 24. Rxb7 Ba4 25. Ra7 Rb8 26. Bd1 Rxc3 27. Bxa4
Ra3 28. Ra6 g6 29. Bb5 Rd3 30. a4 Rxd4 31. exd5 exd5 32. Rd6 Rd2 33. Bxc4 Rbb2
34. Bf1 d4 35. a5 Ra2 36. Rxa2 Rxa2 37. a6 Kf8 38. Rxd4 Ke7 39. Bb5 Ra1+ 40.
Kf2 Kf6 41. Ra4 Rd1 42. a7 Rd8 43. a8=Q Rxa8 44. Rxa8 1-0

[Event "CAN-ch U14 w Online"]
[Site "chess.com"]
[Date "2020.11.08"]
[Round "3.65"]
[White "Tsukerman, Julia"]
[Black "Guo, Veronica (Yu Han)"]
[Result "1/2-1/2"]
[WhiteElo "1760"]
[BlackElo "1692"]
[PlyCount "139"]
[EventDate "2020.11.08"]
[EventType "swiss (rapid)"]
[EventRounds "6"]
[EventCountry "CAN"]

1. e4 c6 2. d4 d5 3. exd5 cxd5 4. Bd3 Nf6 5. c3 Nc6 6. Nf3 Bg4 7. O-O e6 8.
Nbd2 Bd6 9. h3 Bh5 10. Re1 O-O 11. Qe2 Rc8 12. Qe3 a5 13. a4 Qc7 14. Ne5 Nd7
15. Ndf3 Ncxe5 16. dxe5 Bc5 17. Nd4 Bg6 18. Bxg6 hxg6 19. f4 Nb8 20. Qd3 Nc6
21. Be3 Nxd4 22. cxd4 Bb4 23. Rec1 Qb6 24. Qe2 Rc6 25. Qd3 Rfc8 26. Rxc6 Rxc6
27. Kh2 Qc7 28. Rf1 Rc2 29. Qb3 Qc4 30. Qxc4 dxc4 31. Rf2 Rxf2 32. Bxf2 Bd2 33.
Kg3 Bc1 34. Kf3 Bxb2 35. Ke2 Bc3 36. Be1 Bxd4 37. Bxa5 Kf8 38. Bb4+ Ke8 39. g4
f6 40. Bd6 fxe5 41. fxe5 g5 42. Kf3 Kd7 43. Ke4 Bb6 44. Bf8 g6 45. Bb4 Bf2 46.
Bd2 Kc6 47. Bxg5 Kc5 48. Be7+ Kb6 49. Bb4 Kc6 50. Kf3 Bc5 51. Bxc5 Kxc5 52. h4
Kd4 53. h5 gxh5 54. gxh5 Kxe5 55. Ke3 Kf5 56. Kd4 Kg5 57. Kxc4 Kxh5 58. a5 Kg4
59. Kc5 e5 60. Kb6 e4 61. Kxb7 e3 62. a6 e2 63. a7 e1=Q 64. a8=Q Qb4+ 65. Ka7
Qa5+ 66. Kb8 Qd8+ 67. Ka7 Qd4+ 68. Kb8 Qd8+ 69. Ka7 Qxa8+ 70. Kxa8 1/2-1/2

[Event "CAN-ch U14 w Online"]
[Site "chess.com"]
[Date "2020.11.08"]
[Round "3.66"]
[White "Jiang, Kate Yuhua"]
[Black "Tao, Kaitlyn"]
[Result "1-0"]
[WhiteElo "1791"]
[BlackElo "1673"]
[PlyCount "153"]
[EventDate "2020.11.08"]
[EventType "swiss (rapid)"]
[EventRounds "6"]
[EventCountry "CAN"]

1. e4 c5 2. Nf3 Nc6 3. Bb5 e6 4. O-O Nge7 5. Re1 Ng6 6. d3 Qf6 7. c3 Nce5 8.
Nxe5 Qxe5 9. Nd2 a6 10. Ba4 b5 11. Bc2 Bd6 12. Nf3 Qh5 13. d4 Bb7 14. Be3 c4
15. d5 exd5 16. exd5 O-O 17. h3 Qxd5 18. Qxd5 Bxd5 19. Rad1 Ne7 20. Bc1 h6 21.
Rxe7 Bxe7 22. Rxd5 Ra7 23. Be3 Rb7 24. Be4 Re8 25. Rd1 d5 26. Bxd5 Rbb8 27. Ne5
Kh7 28. Bxf7 Rec8 29. Be6 Rc7 30. Bf5+ Kg8 31. Ng6 Bg5 32. Bd4 Rd8 33. Re1 Rb7
34. Be4 Rbd7 35. Ne5 Rd6 36. Nf3 Bf6 37. Bf5 Bxd4 38. Nxd4 g6 39. Be4 Kg7 40.
Re3 Kf7 41. Rf3+ Kg7 42. Rg3 Kf7 43. h4 Re8 44. Re3 b4 45. Kf1 a5 46. g4 Re7
47. h5 gxh5 48. gxh5 Re5 49. Bg6+ Kf6 50. Rf3+ Kg5 51. Rf7 Rc5 52. Kg2 bxc3 53.
bxc3 Kg4 54. Re7 Rcd5 55. Re4+ Kg5 56. Kg3 Kf6 57. Rf4+ Ke5 58. Nf3+ Ke6 59.
Bf7+ Ke7 60. Bxd5 Rxd5 61. Kh4 Rd3 62. Re4+ Kd6 63. Rd4+ Kc5 64. Rxd3 cxd3 65.
Nd2 Kd5 66. Kg4 Ke5 67. f4+ Ke6 68. f5+ Kf6 69. Kf4 Kf7 70. Ke5 Ke8 71. Ke6 a4
72. c4 a3 73. c5 Kd8 74. f6 Kc7 75. f7 Kc6 76. f8=Q Kc7 77. Qd6+ 1-0

[Event "CAN-ch U14 w Online"]
[Site "chess.com"]
[Date "2020.11.08"]
[Round "4.65"]
[White "Guo, Veronica (Yu Han)"]
[Black "Jiang, Kate Yuhua"]
[Result "0-1"]
[WhiteElo "1692"]
[BlackElo "1791"]
[PlyCount "116"]
[EventDate "2020.11.08"]
[EventType "swiss (rapid)"]
[EventRounds "6"]
[EventCountry "CAN"]

1. d4 d5 2. Bf4 Nf6 3. e3 e6 4. Nd2 c5 5. c3 Nc6 6. Ngf3 Bd6 7. Bg3 O-O 8. Bd3
b6 9. Qe2 Bb7 10. Rd1 Re8 11. e4 dxe4 12. Nxe4 Nxe4 13. Bxe4 Qe7 14. Bxd6 Qxd6
15. Ng5 h6 16. Bh7+ Kf8 17. Ne4 Qe7 18. dxc5 bxc5 19. O-O Red8 20. Qb5 Rab8 21.
Qxc5 g6 22. Qxe7+ Kxe7 23. Nc5 Ba8 24. Rfe1 Rxd1 25. Rxd1 Rd8 26. Rxd8 Nxd8 27.
h4 Kf6 28. h5 Kg7 29. hxg6 fxg6 30. Bxg6 Kxg6 31. Kf1 Kf5 32. g3 e5 33. Ke2 Ne6
34. Nd3 Ng5 35. Ke3 a5 36. Nc5 Nf7 37. Kd3 Nd6 38. Nb3 Be4+ 39. Ke3 Nc4+ 40.
Ke2 a4 41. Nd2 Nxb2 42. a3 Bd5 43. Ke3 Nd1+ 44. Kd3 Nxf2+ 45. Ke2 Ne4 46. Nxe4
Kxe4 47. Kd2 Bc4 48. Ke1 Kf3 49. g4 Kxg4 50. Kf2 Kf4 51. Ke1 e4 52. Kf2 e3+ 53.
Ke1 Kf3 54. Kd1 Kf2 55. Kc1 e2 56. Kc2 e1=Q 57. Kb2 Qd2+ 58. Ka1 Qc1# 0-1

[Event "CAN-ch U14 w Online"]
[Site "chess.com"]
[Date "2020.11.08"]
[Round "5.66"]
[White "Jiang, Kate Yuhua"]
[Black "Bilodeau-Savaria, Sandy-Rose"]
[Result "1-0"]
[WhiteElo "1791"]
[BlackElo "1387"]
[PlyCount "115"]
[EventDate "2020.11.08"]
[EventType "swiss (rapid)"]
[EventRounds "6"]
[EventCountry "CAN"]

1. e4 c5 2. Nf3 d6 3. Bb5+ Bd7 4. Bxd7+ Nxd7 5. O-O Ngf6 6. Qe2 e6 7. Rd1 Be7
8. c4 O-O 9. Nc3 a6 10. d4 cxd4 11. Nxd4 Rc8 12. Nf3 Qc7 13. b3 Nc5 14. Bf4
Rfd8 15. Rd2 h6 16. Rad1 Qc6 17. Nd4 Qb6 18. Bg3 Qa5 19. Rc2 Qb6 20. h3 Rd7 21.
Rb2 Rdd8 22. f4 Ncd7 23. Bf2 Qc7 24. f5 exf5 25. Nxf5 Ne5 26. Nd5 Nxd5 27. Rxd5
Kh7 28. Rbd2 g6 29. Nxe7 Qxe7 30. Qd1 Rc6 31. c5 g5 32. Rxd6 Rcxd6 33. cxd6 Qe6
34. Bb6 Rd7 35. Bc7 Nc6 36. Qf3 Kg7 37. Qf5 Qxf5 38. exf5 Kf6 39. g4 Na7 40. a4
Nc8 41. Kf2 Ke5 42. Ke3 Nxd6 43. Bb6 Re7 44. Bc5 Rd7 45. Bd4+ Kd5 46. Bg7+ Kc6
47. f6 Ne8 48. Rxd7 Kxd7 49. Bxh6 Nxf6 50. Bxg5 Nd5+ 51. Kd4 Ke6 52. h4 f6 53.
Bd2 Ne7 54. Ke4 Kf7 55. Bb4 Ng6 56. h5 Nh4 57. Be1 Ng2 58. Bf2 1-0

[Event "CAN-ch U14 w Online"]
[Site "chess.com"]
[Date "2020.11.08"]
[Round "5.67"]
[White "Myrzaibraimova, Aibike"]
[Black "Guo, Veronica (Yu Han)"]
[Result "0-1"]
[WhiteElo "1558"]
[BlackElo "1692"]
[PlyCount "102"]
[EventDate "2020.11.08"]
[EventType "swiss (rapid)"]
[EventRounds "6"]
[EventCountry "CAN"]

1. e4 c6 2. d4 d5 3. Nc3 dxe4 4. Nxe4 Bf5 5. Nc3 Nf6 6. Nf3 h6 7. Bf4 Nbd7 8.
h3 e6 9. Bd3 Bxd3 10. Qxd3 Qb6 11. O-O-O O-O-O 12. Be3 Qc7 13. Rhe1 Bb4 14. Qc4
Qa5 15. Bd2 Nb6 16. Qb3 Nbd5 17. Nxd5 Bxd2+ 18. Nxd2 Rxd5 19. Nc4 Qc7 20. Ne5
Rhd8 21. c3 R8d6 22. Qa3 Ra5 23. Qb3 Rad5 24. Nc4 Rd8 25. Qa3 Qf4+ 26. Ne3 Rb5
27. c4 Rb6 28. Re2 Ra6 29. Qb3 Rxd4 30. Rxd4 Qxd4 31. Rd2 Qb6 32. Qxb6 Rxb6 33.
b3 c5 34. f3 Kc7 35. g4 Rd6 36. Rxd6 Kxd6 37. Nf5+ exf5 38. gxf5 Ke5 39. Kd2
Kxf5 40. Ke3 Kg5 41. f4+ Kh4 42. f5 Kxh3 43. Kf4 Nh5+ 44. Ke5 Ng3 45. Kd6 Nxf5+
46. Kxc5 g5 47. Kd5 g4 48. c5 g3 49. b4 g2 50. b5 g1=Q 51. a4 Qd4# 0-1

[Event "CAN-ch U14 w Online"]
[Site "chess.com"]
[Date "2020.11.08"]
[Round "6.65"]
[White "D'Souza, Carina"]
[Black "Jiang, Kate Yuhua"]
[Result "1-0"]
[WhiteElo "1852"]
[BlackElo "1791"]
[PlyCount "167"]
[EventDate "2020.11.08"]
[EventType "swiss (rapid)"]
[EventRounds "6"]
[EventCountry "CAN"]

1. d4 d5 2. Bf4 Nf6 3. e3 e6 4. Nd2 c5 5. c3 Nc6 6. Ngf3 Bd6 7. Bg3 O-O 8. Bd3
Re8 9. Ne5 Qc7 10. Ndf3 Ne4 11. Bf4 f6 12. Nxc6 bxc6 13. Bxd6 Qxd6 14. Nd2 f5
15. Nxe4 dxe4 16. Bc2 cxd4 17. Qxd4 Qxd4 18. cxd4 Ba6 19. Bb3 Kf7 20. Rc1 Rac8
21. Rc5 Kf6 22. Kd2 Rc7 23. Rhc1 Bb7 24. Ba4 Rec8 25. Bb3 Rd8 26. Ra5 Ba8 27.
Rcc5 g6 28. Ra6 Rb8 29. Re5 Re7 30. Kc2 Kf7 31. Ba4 Reb7 32. b3 Rc7 33. Rea5
Rbb7 34. Kd2 Kf6 35. Bxc6 Rb8 36. Bxa8 Rxa8 37. Re5 Re8 38. g3 Kf7 39. Rc5 Rb7
40. Rac6 Ree7 41. Ra5 Rec7 42. Rxc7+ Rxc7 43. Rc5 Rb7 44. Kc3 Ke7 45. Kc4 Kd6
46. b4 a6 47. a4 g5 48. b5 axb5+ 49. axb5 Ra7 50. Rc6+ Kd7 51. Ra6 Rb7 52. Kc5
Rc7+ 53. Rc6 Rb7 54. Rd6+ Ke7 55. Kc6 Rb8 56. Rd7+ Ke8 57. Rxh7 Rc8+ 58. Rc7
Rb8 59. b6 Kd8 60. b7 g4 61. Rc8+ Rxc8+ 62. bxc8=Q+ Kxc8 63. Kd6 Kd8 64. Kxe6
Ke8 65. Kxf5 Kf7 66. d5 Ke7 67. Ke5 Kd7 68. Kxe4 Kd6 69. Kf4 Kxd5 70. Kxg4 Ke4
71. Kg5 Kf3 72. h4 Kxf2 73. h5 Kxe3 74. h6 Kf3 75. h7 Kxg3 76. h8=Q Kg2 77. Qh4
Kg1 78. Kg4 Kf1 79. Qh2 Ke1 80. Kf3 Kd1 81. Ke3 Kc1 82. Kd3 Kb1 83. Kc3 Ka1 84.
Qb2# 1-0

[Event "CAN-ch U14 w Online"]
[Site "chess.com"]
[Date "2020.11.08"]
[Round "6.66"]
[White "Guo, Veronica (Yu Han)"]
[Black "Tao, Kaitlyn"]
[Result "0-1"]
[WhiteElo "1692"]
[BlackElo "1673"]
[PlyCount "134"]
[EventDate "2020.11.08"]
[EventType "swiss (rapid)"]
[EventRounds "6"]
[EventCountry "CAN"]

1. d4 Nf6 2. Bf4 g6 3. Nc3 d5 4. e3 Bf5 5. h4 c6 6. Nf3 Nbd7 7. Be2 h5 8. a4 a5
9. Qd2 Nb6 10. Ne5 Bg7 11. b3 Ng4 12. Nxg4 hxg4 13. O-O-O e6 14. g3 Qe7 15. Nb1
Be4 16. Rhg1 Bf3 17. Bxf3 gxf3 18. Rde1 c5 19. Kb2 c4 20. Ka2 Rc8 21. Rc1 Qb4
22. Qxb4 axb4 23. Bd6 g5 24. hxg5 Rh2 25. Rcf1 Rh5 26. Bxb4 Rxg5 27. Nd2 Rf5
28. g4 Rf6 29. Rg3 cxb3+ 30. Kxb3 Rg6 31. Nxf3 Rh6 32. Nd2 Bf8 33. Bxf8 Kxf8
34. Rgg1 Ra8 35. Ra1 Rh2 36. Rgf1 Rg2 37. a5 Nd7 38. c4 Nf6 39. cxd5 exd5 40.
Nf3 Nxg4 41. Ra2 Ra6 42. Ne1 Rh2 43. Nd3 b6 44. Rg1 Nf6 45. Kb4 Ne4 46. Rf1
bxa5+ 47. Rxa5 Rxa5 48. Kxa5 Ke7 49. Kb4 Rh8 50. Nf4 Kd6 51. Kb3 Nd2+ 52. Kc2
Nxf1 53. Kd3 Nh2 54. e4 dxe4+ 55. Kxe4 Re8+ 56. Kf5 Nf3 57. Kf6 Re4 58. Ng2 Rg4
59. Ne3 Rf4+ 60. Kg7 Nxd4 61. Nc4+ Ke6 62. Ne3 Rxf2 63. Kh6 Nf5+ 64. Nxf5 Rxf5
65. Kg7 Rh5 66. Kg8 Kf6 67. Kf8 Rh8# 0-1

[Event "CAN-ch U16"]
[Site "chess.com"]
[Date "2020.11.08"]
[Round "1.70"]
[White "Qiu, Peter Yong"]
[Black "Tanaka, Tyler"]
[Result "0-1"]
[WhiteElo "1514"]
[BlackElo "2154"]
[PlyCount "96"]
[EventDate "2020.11.08"]
[EventType "swiss (rapid)"]
[EventRounds "6"]
[EventCountry "CAN"]

1. e4 c5 2. Nf3 d6 3. d4 cxd4 4. Nxd4 Nf6 5. Nc3 g6 6. Be3 Bg7 7. f3 Nc6 8. Qd2
O-O 9. O-O-O Nxd4 10. Bxd4 Be6 11. Kb1 Qc7 12. h4 Rfc8 13. g4 Qa5 14. a3 Rab8
15. Nb5 Qxd2 16. Rxd2 a6 17. Nc3 Nd7 18. Bxg7 Kxg7 19. Nd5 Bxd5 20. Rxd5 h6 21.
g5 hxg5 22. hxg5 Rh8 23. Bh3 Rh4 24. Rdd1 Rbh8 25. Bg2 Nc5 26. Rxh4 Rxh4 27.
Rh1 Rxh1+ 28. Bxh1 e5 29. c4 Ne6 30. Bg2 Nxg5 31. Kc2 Ne6 32. Kc3 Kf6 33. Bh3
b6 34. b4 Nd4 35. Bc8 a5 36. a4 Nc6 37. b5 Nd4 38. Bg4 Ke7 39. f4 f5 40. exf5
gxf5 41. Bh5 Ne6 42. fxe5 dxe5 43. Kd2 Kf6 44. Ke3 Nc5 45. Bd1 f4+ 46. Kf3 Kf5
47. Kg2 e4 48. Kf2 Ke5 0-1

[Event "CAN-ch U16"]
[Site "chess.com"]
[Date "2020.11.08"]
[Round "1.71"]
[White "Doknjas, Neil"]
[Black "Qiu, Andrew Yu"]
[Result "0-1"]
[WhiteElo "2153"]
[BlackElo "1462"]
[PlyCount "74"]
[EventDate "2020.11.08"]
[EventType "swiss (rapid)"]
[EventRounds "6"]
[EventCountry "CAN"]

1. e4 e5 2. Nf3 Nc6 3. d4 exd4 4. Nxd4 Nf6 5. Nxc6 bxc6 6. Bd3 Be7 7. O-O O-O
8. e5 Nd5 9. f4 Bc5+ 10. Kh1 Qh4 11. a3 Bb7 12. Qf3 Bb6 13. c4 Ne7 14. f5 Bd4
15. f6 Bxe5 16. Bf4 Qxf6 17. Bxe5 Qxe5 18. Nc3 Ng6 19. Rae1 Qd4 20. Rd1 Qb6 21.
Be4 Ba6 22. Rxd7 Bxc4 23. Bxc6 Bxf1 24. Bxa8 Ne5 25. Qxf1 Nxd7 26. Be4 Nf6 27.
Bd3 Qxb2 28. Nb5 Rd8 29. h3 a6 30. Nxc7 Qc3 31. Bxa6 Qxc7 32. Bb5 Qd6 33. Qf3
Qd1+ 34. Qxd1 Rxd1+ 35. Kh2 Ra1 36. a4 Nd5 37. Kg3 Nb6 0-1

[Event "CAN-ch U16"]
[Site "chess.com"]
[Date "2020.11.08"]
[Round "1.72"]
[White "Brunet, Marc-Antoine"]
[Black "Huang, Patrick"]
[Result "0-1"]
[WhiteElo "1205"]
[BlackElo "2134"]
[PlyCount "100"]
[EventDate "2020.11.08"]
[EventType "swiss (rapid)"]
[EventRounds "6"]
[EventCountry "CAN"]

1. d4 Nf6 2. Nf3 e6 3. e3 b6 4. Nbd2 Bb7 5. Bd3 d5 6. O-O Nbd7 7. c3 Bd6 8. Qc2
c5 9. b3 Rc8 10. Re1 Qc7 11. e4 dxe4 12. Nxe4 Nxe4 13. Bxe4 Bxe4 14. Qxe4 Nf6
15. Qd3 c4 16. bxc4 Qxc4 17. Qxc4 Rxc4 18. Bb2 Nd5 19. Rac1 O-O 20. Ne5 Bxe5
21. Rxe5 Rfc8 22. g3 g6 23. h4 Nxc3 24. Bxc3 Rxc3 25. Rxc3 Rxc3 26. d5 Rc5 27.
f4 Rxd5 28. Rxd5 exd5 29. Kf2 Kf8 30. Ke3 Ke7 31. Kd4 Kd6 32. a4 a6 33. g4 b5
34. axb5 axb5 35. g5 b4 36. Kd3 Kc5 37. Kc2 Kc4 38. Kd2 b3 39. Kc1 Kc3 40. f5
gxf5 41. h5 f4 42. g6 fxg6 43. hxg6 hxg6 44. Kd1 b2 45. Ke2 b1=Q 46. Kf3 Qe4+
47. Kf2 Qe3+ 48. Kg2 f3+ 49. Kf1 Qe2+ 50. Kg1 Qg2# 0-1

[Event "CAN-ch U16"]
[Site "chess.com"]
[Date "2020.11.08"]
[Round "2.70"]
[White "Tanaka, Tyler"]
[Black "Qiu, Andrew Yu"]
[Result "1-0"]
[WhiteElo "2154"]
[BlackElo "1462"]
[PlyCount "87"]
[EventDate "2020.11.08"]
[EventType "swiss (rapid)"]
[EventRounds "6"]
[EventCountry "CAN"]

1. e4 e5 2. Nf3 Nc6 3. Bb5 Nf6 4. d3 a6 5. Bxc6 bxc6 6. Nxe5 Qe7 7. Nf3 d5 8.
e5 Bg4 9. O-O Nd7 10. d4 f5 11. b3 h6 12. c4 Qe6 13. cxd5 cxd5 14. Qd3 Be7 15.
Ba3 g5 16. Bxe7 Kxe7 17. Rc1 c6 18. Nc3 f4 19. Na4 Bf5 20. Qd2 Rab8 21. Nc5
Nxc5 22. Rxc5 g4 23. Nh4 f3 24. g3 Bg6 25. Rac1 Be8 26. Qa5 Rc8 27. Qxa6 Bd7
28. Qa3 Ra8 29. Ra5+ c5 30. Rxa8 Rxa8 31. Qxa8 cxd4 32. Qa3+ Kf7 33. Qd6 Qxd6
34. exd6 Kf6 35. Rd1 Ke5 36. Ng6+ Kxd6 37. Rxd4 Kc5 38. Rd2 Be6 39. Ne5 Kb4 40.
Kf1 Kc3 41. Ke1 Kb4 42. Nd3+ Ka3 43. Nf4 Bg8 44. Nxd5 1-0

[Event "CAN-ch U16"]
[Site "chess.com"]
[Date "2020.11.08"]
[Round "2.71"]
[White "Doknjas, Neil"]
[Black "Liu, Harrison (Hangchen)"]
[Result "1-0"]
[WhiteElo "2153"]
[BlackElo "1714"]
[PlyCount "97"]
[EventDate "2020.11.08"]
[EventType "swiss (rapid)"]
[EventRounds "6"]
[EventCountry "CAN"]

1. e4 d5 2. exd5 Nf6 3. Be2 Nxd5 4. d4 Nc6 5. c4 Nb6 6. Be3 Bf5 7. a3 e6 8. Nf3
Be7 9. O-O O-O 10. Nc3 Bf6 11. Rc1 Re8 12. b4 a6 13. h3 h6 14. Qd2 Qe7 15. Bd3
Bxd3 16. Qxd3 e5 17. dxe5 Nxe5 18. Nxe5 Qxe5 19. Bxb6 cxb6 20. Nd5 Red8 21. Qf3
Qd6 22. Nxf6+ Qxf6 23. Qxb7 a5 24. c5 Rdb8 25. Qe4 axb4 26. axb4 bxc5 27. bxc5
Rc8 28. Rc2 Qc6 29. Qe5 Re8 30. Qg3 Rec8 31. Rfc1 Ra5 32. Rc3 Kh7 33. Qd3+ Kg8
34. Qd4 Ra7 35. Rg3 f6 36. Rb3 Rb7 37. Qc4+ Kh8 38. Rxb7 Qxb7 39. c6 Qc7 40.
Qc5 Kg8 41. Rd1 Qe5 42. Rd5 Qe6 43. c7 Kf7 44. Rd8 Kg6 45. Rxc8 Qxc8 46. Qd6
Qa8 47. Qd3+ Kf7 48. Qd7+ Kg6 49. c8=Q 1-0

[Event "CAN-ch U16"]
[Site "chess.com"]
[Date "2020.11.08"]
[Round "3.71"]
[White "Huang, Patrick"]
[Black "Doknjas, Neil"]
[Result "1/2-1/2"]
[WhiteElo "2134"]
[BlackElo "2153"]
[PlyCount "104"]
[EventDate "2020.11.08"]
[EventType "swiss (rapid)"]
[EventRounds "6"]
[EventCountry "CAN"]

1. d4 d5 2. Bf4 Nf6 3. e3 c5 4. c3 Qb6 5. Qb3 c4 6. Qc2 g6 7. Nd2 Bf5 8. Qc1
Nc6 9. Ngf3 Bg7 10. Be2 O-O 11. h3 Nd7 12. g4 Bd3 13. Bxd3 cxd3 14. Qb1 e5 15.
Nxe5 Ndxe5 16. dxe5 Bxe5 17. Bh6 Bg7 18. Bxg7 Kxg7 19. Qxd3 Qxb2 20. O-O Ne5
21. Qxd5 Rfe8 22. Nc4 Qxc3 23. Rac1 Qd3 24. Qxd3 Nxd3 25. Rc3 Nc5 26. Nd6 Re6
27. Nxf7 b6 28. Ng5 Rf6 29. Rc4 Re8 30. Kg2 Re7 31. Rd1 h6 32. Nf3 Ref7 33. Rf4
Rxf4 34. exf4 Rxf4 35. Rd6 Ra4 36. Ne5 g5 37. Rd2 Kf6 38. Nc6 Ke6 39. Nd4+ Ke5
40. Nf5 h5 41. Re2+ Kf6 42. f3 hxg4 43. fxg4 Ne6 44. Rf2 Nf4+ 45. Kh2 Ke5 46.
h4 gxh4 47. Nxh4 Nd3 48. Ng6+ Ke6 49. Nf8+ Ke7 50. Ng6+ Ke6 51. Nf8+ Ke7 52.
Ng6+ Ke6 1/2-1/2

[Event "CAN-ch U16"]
[Site "chess.com"]
[Date "2020.11.08"]
[Round "3.73"]
[White "Qiu, Peter Yong"]
[Black "Brunet, Marc-Antoine"]
[Result "1-0"]
[WhiteElo "1514"]
[BlackElo "1205"]
[PlyCount "109"]
[EventDate "2020.11.08"]
[EventType "swiss (rapid)"]
[EventRounds "6"]
[EventCountry "CAN"]

1. e4 d5 2. exd5 Qxd5 3. Nc3 Qd6 4. d4 Nf6 5. Nf3 Bg4 6. Be2 Nbd7 7. Nb5 Qb6 8.
Nc3 a6 9. h3 Bh5 10. O-O e6 11. Rb1 Bb4 12. Bd2 Bxf3 13. Bxf3 c6 14. Na4 Qxd4
15. c3 Qc4 16. cxb4 b5 17. Nc3 Ne5 18. b3 Qd4 19. Be1 Nxf3+ 20. Qxf3 Rc8 21.
Rd1 Qe5 22. Qe3 Qxe3 23. fxe3 O-O 24. Bg3 Rfd8 25. Bc7 Re8 26. Bb6 h6 27. e4
Rb8 28. Be3 Red8 29. Rxd8+ Rxd8 30. Bxh6 Nxe4 31. Nxe4 gxh6 32. Nc5 Rd2 33. Rf2
Rd1+ 34. Kh2 f5 35. Nxe6 Kf7 36. Nc5 Ke7 37. Nxa6 Kd6 38. Nc5 Rd4 39. a3 Rd1
40. Rxf5 Ra1 41. Rf6+ Kd5 42. Rxh6 Rxa3 43. h4 Ra2 44. h5 Rf2 45. Rg6 Rf5 46.
g4 Rf4 47. h6 Rxb4 48. Rg5+ Kd6 49. h7 Rf4 50. h8=Q Rf1 51. Qd4+ Kc7 52. Rg7+
Kb6 53. Nd3+ c5 54. Qxc5+ Ka5 55. Ra7# 1-0

[Event "CAN-ch U16"]
[Site "chess.com"]
[Date "2020.11.08"]
[Round "4.71"]
[White "Doknjas, Neil"]
[Black "Qiu, Peter Yong"]
[Result "1-0"]
[WhiteElo "2153"]
[BlackElo "1514"]
[PlyCount "43"]
[EventDate "2020.11.08"]
[EventType "swiss (rapid)"]
[EventRounds "6"]
[EventCountry "CAN"]

1. e4 e5 2. Nf3 Nc6 3. d4 exd4 4. Nxd4 Nf6 5. Nxc6 bxc6 6. Bd3 Be7 7. O-O O-O
8. Nc3 d5 9. h3 Bd6 10. Bg5 d4 11. Ne2 c5 12. f4 Be7 13. Bxf6 Bxf6 14. e5 Bg5
15. fxg5 Qxg5 16. Nf4 Qxe5 17. Qf3 Rb8 18. Rae1 Qg5 19. Bc4 Rxb2 20. Nd3 Rxc2
21. Qxf7+ Rxf7 22. Re8# 1-0

[Event "CAN-ch U16"]
[Site "chess.com"]
[Date "2020.11.08"]
[Round "4.72"]
[White "Qiu, Andrew Yu"]
[Black "Huang, Patrick"]
[Result "0-1"]
[WhiteElo "1462"]
[BlackElo "2134"]
[PlyCount "98"]
[EventDate "2020.11.08"]
[EventType "swiss (rapid)"]
[EventRounds "6"]
[EventCountry "CAN"]

1. e4 g6 2. Nf3 Bg7 3. Bc4 d6 4. d3 c5 5. O-O Nc6 6. Nc3 e6 7. a3 Nge7 8. Bd2
O-O 9. Qc1 a6 10. Bh6 b5 11. Bxg7 Kxg7 12. Ba2 Bd7 13. Qd2 Qc7 14. Kh1 Rfc8 15.
Ng5 h6 16. Nf3 Nd4 17. Ne1 Rab8 18. Ne2 Nec6 19. c3 Nxe2 20. Qxe2 b4 21. Rc1
Qa5 22. f4 bxa3 23. bxa3 Qxa3 24. Nf3 Rb2 25. Rc2 Rcb8 26. Rf2 Rxc2 27. Qxc2
Na5 28. h3 Ba4 29. Qd2 Nb3 30. Qb2 Qxb2 31. Rxb2 Rb7 32. Nh4 Na5 33. Rf2 Bb3
34. f5 g5 35. Nf3 Rb6 36. Bxb3 Nxb3 37. Rb2 a5 38. fxe6 fxe6 39. Nd2 a4 40. Kg1
a3 41. Rxb3 a2 42. Rxb6 a1=Q+ 43. Nb1 Kf6 44. Kh2 h5 45. Rb8 h4 46. Rf8+ Ke7
47. Rb8 Kf6 48. Rb3 Qa2 49. Rb8 Ke5 0-1

[Event "CAN-ch U16"]
[Site "chess.com"]
[Date "2020.11.08"]
[Round "5.70"]
[White "Huang, Patrick"]
[Black "Tanaka, Tyler"]
[Result "1/2-1/2"]
[WhiteElo "2134"]
[BlackElo "2154"]
[PlyCount "58"]
[EventDate "2020.11.08"]
[EventType "swiss (rapid)"]
[EventRounds "6"]
[EventCountry "CAN"]

1. d4 Nf6 2. Bf4 g6 3. Nc3 d5 4. e3 Bg7 5. h4 h5 6. Nf3 Bg4 7. Be2 Bxf3 8. Bxf3
c6 9. Qd2 Nbd7 10. O-O-O b5 11. Rhe1 O-O 12. e4 b4 13. Nb1 dxe4 14. Bxe4 Nxe4
15. Rxe4 Nf6 16. Ree1 Nd5 17. Bh6 Bxh6 18. Qxh6 Qa5 19. Re5 Qxa2 20. g4 Nb6 21.
Rxh5 gxh5 22. gxh5 f6 23. Qg6+ Kh8 24. b3 Nc4 25. bxc4 Qxc4 26. Qh6+ Kg8 27.
Qg6+ Kh8 28. Qh6+ Kg8 29. Qg6+ Kh8 1/2-1/2

[Event "CAN-ch U16"]
[Site "chess.com"]
[Date "2020.11.08"]
[Round "5.72"]
[White "Liu, Harrison (Hangchen)"]
[Black "Qiu, Peter Yong"]
[Result "0-1"]
[WhiteElo "1714"]
[BlackElo "1514"]
[PlyCount "72"]
[EventDate "2020.11.08"]
[EventType "swiss (rapid)"]
[EventRounds "6"]
[EventCountry "CAN"]

1. e4 e5 2. Nf3 Nc6 3. Bc4 Bc5 4. c3 Nf6 5. d3 a6 6. Bb3 O-O 7. Nbd2 d5 8. Qe2
Bg4 9. h3 Bh5 10. g4 Bg6 11. Bc2 d4 12. Nf1 b5 13. Ng3 dxc3 14. bxc3 b4 15. Nf5
bxc3 16. a3 Nd4 17. N3xd4 exd4 18. Qf3 Re8 19. h4 h5 20. gxh5 Nxh5 21. Rg1 Bf8
22. Ba4 Re5 23. Ng3 Qxh4 24. Rh1 Qf6 25. Qxf6 gxf6 26. Nxh5 Rxh5 27. Rxh5 Bxh5
28. f4 Rb8 29. f5 Bd6 30. Bc2 Kh7 31. a4 Rg8 32. Kf2 Bg3+ 33. Kf1 Bf3 34. Ba3
Rg4 35. Bc5 Rf4 36. Kg1 Rh4 0-1

[Event "CAN-ch U16"]
[Site "chess.com"]
[Date "2020.11.08"]
[Round "5.73"]
[White "Brunet, Marc-Antoine"]
[Black "Qiu, Andrew Yu"]
[Result "0-1"]
[WhiteElo "1205"]
[BlackElo "1462"]
[PlyCount "140"]
[EventDate "2020.11.08"]
[EventType "swiss (rapid)"]
[EventRounds "6"]
[EventCountry "CAN"]

1. d4 Nf6 2. Nf3 g6 3. e3 Bg7 4. Bd3 O-O 5. Nbd2 d6 6. c3 Nc6 7. O-O e5 8. dxe5
dxe5 9. Bb5 Re8 10. Bxc6 bxc6 11. Nc4 Qxd1 12. Rxd1 Nd5 13. e4 Nb6 14. Na5 Ba6
15. Rd2 Nc4 16. Nxc4 Bxc4 17. b3 Ba6 18. Ba3 Rad8 19. Rad1 Rxd2 20. Rxd2 f5 21.
exf5 gxf5 22. h3 e4 23. Nd4 Rd8 24. Bc5 f4 25. Rd1 e3 26. fxe3 fxe3 27. Re1 Re8
28. Nxc6 e2 29. Nd4 Bh6 30. c4 Be3+ 31. Kh1 Rd8 32. Bxa7 Bxd4 33. Bxd4 Rxd4 34.
Rxe2 Kf7 35. Kg1 Bb7 36. Rf2+ Kg6 37. g4 Rd1+ 38. Kh2 Kg5 39. Rf5+ Kg6 40. h4
Rd2+ 41. Kg3 Rxa2 42. h5+ Kg7 43. g5 Ra3 44. Rb5 Ba6 45. Rb4 c5 46. h6+ Kg6 47.
Rb6+ Kxg5 48. Re6 Bxc4 49. Re5+ Kxh6 50. Rxc5 Rxb3+ 51. Kf4 Bf7 52. Kf5 Kg7 53.
Rc7 Rf3+ 54. Kg4 Rf1 55. Kg3 Kg6 56. Kg2 Rf5 57. Kg3 Rg5+ 58. Kf4 Ra5 59. Rc6+
Kg7 60. Rc7 Ra1 61. Kg5 h6+ 62. Kh4 Kg6 63. Rc6+ Kf5 64. Kg3 Rh1 65. Kg2 Bd5+
66. Kg3 Bxc6 67. Kf2 Rh2+ 68. Kg3 Rg2+ 69. Kh3 Kf4 70. Kh4 Rh2# 0-1

[Event "CAN-ch U16"]
[Site "chess.com"]
[Date "2020.11.08"]
[Round "6.70"]
[White "Tanaka, Tyler"]
[Black "Doknjas, Neil"]
[Result "1-0"]
[WhiteElo "2154"]
[BlackElo "2153"]
[PlyCount "121"]
[EventDate "2020.11.08"]
[EventType "swiss (rapid)"]
[EventRounds "6"]
[EventCountry "CAN"]

1. e4 c5 2. Nc3 a6 3. Nf3 d6 4. g3 Nf6 5. Bg2 e5 6. a4 Be6 7. O-O Be7 8. d3 Nc6
9. h3 O-O 10. Ng5 Bd7 11. f4 h6 12. Nf3 Nd4 13. g4 Nxg4 14. hxg4 Bxg4 15. Nd5
f5 16. c3 Ne6 17. fxe5 dxe5 18. Qe1 Qd6 19. Nxe7+ Qxe7 20. Nxe5 Qd6 21. Ng6 Rf7
22. Bf4 Qb6 23. Ne5 Nxf4 24. Rxf4 Qd6 25. Qg3 Qxe5 26. Rxg4 f4 27. Qf3 g5 28.
Bh3 h5 29. Rg2 g4 30. Bxg4 hxg4 31. Qxg4+ Rg7 32. Qxg7+ Qxg7 33. Rxg7+ Kxg7 34.
Kf2 Rh8 35. Kf3 Rh3+ 36. Kxf4 Rxd3 37. Ke5 Kf7 38. Rh1 b5 39. Rh7+ Kf8 40. axb5
axb5 41. Rb7 b4 42. cxb4 Rb3 43. Kf6 Ke8 44. Ke6 Kf8 45. b5 Rxb2 46. Kd5 Rb4
47. e5 c4 48. e6 c3 49. Kd6 c2 50. Rb8+ Kg7 51. Rc8 Rxb5 52. e7 Rb6+ 53. Kd7
Rb7+ 54. Kd8 Rb8 55. Rxb8 c1=Q 56. e8=Q Qc4 57. Rb7+ Kf6 58. Qe7+ Kg6 59. Qg7+
Kf5 60. Qf7+ Ke5 61. Qxc4 1-0